MARC details
| 000 -LEADER |
| fixed length control field |
01156nam a22002897a 4500 |
| 001 - CONTROL NUMBER |
| control field |
02908 |
| 003 - CONTROL NUMBER IDENTIFIER |
| control field |
HDC |
| 007 - PHYSICAL DESCRIPTION FIXED FIELD--GENERAL INFORMATION |
| fixed length control field |
cr bn --- |
| 008 - FIXED-LENGTH DATA ELEMENTS--GENERAL INFORMATION |
| fixed length control field |
201224b20082008uk ||||| |||| 00| 0 eng d |
| 022 ## - INTERNATIONAL STANDARD SERIAL NUMBER |
| International Standard Serial Number |
0959-0552 |
| 040 ## - CATALOGING SOURCE |
| Original cataloging agency |
HDC |
| 100 ## - MAIN ENTRY--PERSONAL NAME |
| Personal name |
Kaliappan, Shivee Ranjanee |
| Relator term |
author |
| 9 (RLIN) |
1332 |
| 245 #0 - TITLE STATEMENT |
| Title |
Spillover effects of foreign hypermarkets on domestic suppliers in Malaysia |
| Statement of responsibility, etc. |
/ Shivee Ranjanee Kaliappan [and 3 others] |
| 260 ## - PUBLICATION, DISTRIBUTION, ETC. |
| Place of publication, distribution, etc. |
United Kingdom: |
| Name of publisher, distributor, etc. |
Emerald Publishing, |
| Date of publication, distribution, etc. |
2008 |
| 300 ## - PHYSICAL DESCRIPTION |
| Extent |
1 online resource (26 pages) |
| 336 ## - CONTENT TYPE |
| Content type term |
text |
| Source |
rdacontent |
| 337 ## - MEDIA TYPE |
| Media type term |
computer |
| Source |
rdamedia |
| 338 ## - CARRIER TYPE |
| Carrier type term |
online resosurce |
| Source |
rdacarrier |
| 500 ## - GENERAL NOTE |
| General note |
Extract from: International Journal of Retail & Distribution Management, 2009, volume 37, number 3 (pages 226-249) |
| -- |
Includes bibliographical references |
| 650 ## - SUBJECT ADDED ENTRY--TOPICAL TERM |
| Topical term or geographic name entry element |
Hypermarkets |
| Geographic subdivision |
Malaysia |
| 9 (RLIN) |
1334 |
| 650 ## - SUBJECT ADDED ENTRY--TOPICAL TERM |
| Topical term or geographic name entry element |
Retailing |
| 9 (RLIN) |
1333 |
| 710 ## - ADDED ENTRY--CORPORATE NAME |
| Corporate name or jurisdiction name as entry element |
Emerald Publishing |
| Relator term |
publisher |
| 856 ## - ELECTRONIC LOCATION AND ACCESS |
| Public note |
Request full-text at [email protected] |
| 942 ## - ADDED ENTRY ELEMENTS (KOHA) |
| Source of classification or shelving scheme |
Library of Congress Classification |
| 942 ## - ADDED ENTRY ELEMENTS (KOHA) |
| Koha item type |
Articles |
| 942 ## - ADDED ENTRY ELEMENTS (KOHA) |
| Call number prefix |
JART 002508 |